La intendencia de Huamanga / (Record no. 2214)

000 -CABECERA
fixed length control field 01012nam a22002297a 4500
003 - IDENTIFICADOR DEL NÚMERO DE CONTROL
control field AR-CdUCM
008 - DATOS DE LONGITUD FIJA--INFORMACIÓN GENERAL
fixed length control field 190304b ||||| |||| 00| 0 spa d
040 ## - FUENTE DE LA CATALOGACIÓN
Agencia/entidad que catalogó originalmente la obra MUNICIPALIDAD PROVINCIAL DEL CUSCO
Entidad que transcribió la catalogación BIBLIOTECA MUNICIPAL DEL CUSCO
082 ## - NÚMERO DE LA CLASIFICACIÓN DECIMAL DEWEY
No. de Clasificación 985.541 /
Notacion interna R93
100 ## - ENTRADA PRINCIPAL--NOMBRE DE PERSONA
Nombre Personal Ruiz Cárdenas, Gamaniel
245 ## - MENCIÓN DE TÍTULO
Título La intendencia de Huamanga /
260 ## - PUBLICACIÓN, DISTRIBUCIÓN, ETC.
Lugar de publicación, distribución, etc. Lima :
Nombre de la editorial, distribuidor, etc. Talleres de Servicios de Artes Gráficas S.A. (SACSA),
Fecha de publicación, distribución, etc. 1990.
300 ## - DESCRIPCIÓN FÍSICA
Nº de Páginas Extensión 219 páginas ;
Dimensiones 20 cm.
505 ## - NOTA DE CONTENIDO CON FORMATO
Nota de contenido formateada Contenido: Primera parte -- La política europea y española en el siglo XVIII -- El descubrimiento de América y la conquista del Perú -- La intendencia de España -- Segunda parte: La intendencia de Huamanga ...
650 ## - PUNTO DE ACCESO ADICIONAL DE MATERIA--TÉRMINO DE MATERIA
Descriptor Huamanga - Ayaucho - Historia
9 (RLIN) 7976
650 ## - PUNTO DE ACCESO ADICIONAL DE MATERIA--TÉRMINO DE MATERIA
Descriptor Intendencias - Derecho indiano
9 (RLIN) 7977
650 ## - PUNTO DE ACCESO ADICIONAL DE MATERIA--TÉRMINO DE MATERIA
Descriptor Huamanga - Política y gobierno
9 (RLIN) 7978
650 ## - PUNTO DE ACCESO ADICIONAL DE MATERIA--TÉRMINO DE MATERIA
Descriptor España - Colonias
9 (RLIN) 7979
650 ## - PUNTO DE ACCESO ADICIONAL DE MATERIA--TÉRMINO DE MATERIA
Descriptor Administración colonial - Perú
9 (RLIN) 7980
942 ## - ELEMENTOS DE PUNTO DE ACCESO ADICIONAL (KOHA)
Fuente de clasificación
Tipo de item Libros-BMC
945 ## - PROCESAMIENTO DE INFORMACIÓN LOCAL (OCLC)
Catalogador lccs
AAAA-MM-DD - Fecha de ingreso o modificacion 2019-03-04
Holdings
Estado de retiro (separado) Fuente de clasificación o esquema de estanterías Estado dañado Ubicación Sala donde se ubica Nombre de la colección Fecha de adquisición o compra Costo, precio normal en soles Signatura topográfica Código de Barras Última vez visto (Koha) Tipo de ítem (Koha)
No     Sala Humanidades Sala Humanidades Book Cart 2019-03-04 20.00 985.541 / R93 SH0000002354 2019-03-04 Libros-BMC

Powered by Koha